01087nam a2200289Ia 4500001000600000003000500006008004100011010001100052040000900063090001600072100004200088245020400130260004100334300001000375502008000385650004200465650003000507650002800537650002900565901001600594902000600610910000900616942000600625942000600631999001900637952014100656Z_330CHAP220113s1969 xx 000 0 und d a163306 cCHAP aTesis C 544 aCarmona Balandrano, Fernando F919022 aLa harina de pluma en combinación con la harina de pescado y la harina de sangre como fuentes proteicas para raciones de cerdos en desarrollo y finalización /cpor Fernando F. Carmona Balandrano aChapingo, Méx. :bEl autor,c1969 a40 h. aTesis (Ing. Agrónomo Esp. en Zootecnia) -- ENA. Departamento de Zootecnia aGanado porcinoxAlimentación945329 aHarina de pescado 952722 aHarina de pluma 952725 aHarina de sangre 952727 aTESIS C 544 aM a1969 c2 c2 c163306d163306 00102local4051708TESISaZbZd2005-11-09eEl autorl0oTesis C37 544 1969p5101000768r2022-01-18 00:00:00tEj.1w2022-01-18yTESIS